Представление документа в формате RUSMARC

ПолеНазваниеЗначение
  Тип записи a
  Библиографический уровень m
001 Контрольный номер eaa30b5df9664fadad3147fc8f282299
005 Дата корректировки 20260417164436.5
010 Индекс ISBN __
a ISBN 978-5-17-164072-9
9 Тираж 15000 экз.
b Уточнения в пер.
100 Данные общей обработки __
a Данные общей обработки 20260417d2026 m y0rusy028902 ca
101 Язык документа 0_
a Язык текста rus
102 Страна публикации __
a Страна публикации RU
105 Кодированные данные (монография) __
a Кодированные данные (монография) y z 000ay
181 Поле кодированных данных: вид содержания _0
a Код вида содержания (ISBD) i
182 Поле кодированных данных: тип средства _0
a Код типа средства (ISBD) n
200 Заглавие и сведения об ответственности 1_
a Заглавие В начале было Слово, в конце будет Цифра
e Сведения, относящиеся к заглавию [роман]
f Первые сведения об ответственности Маргарита Симоньян
203 Вид содержания и тип средства __
a Вид содержания Текст
c Тип средства непосредственный
210 Выходные данные 1_
a Место издания Москва
c Издательство АСТ
d Дата издания 2026
215 Физическое описание __
a Объем 462, [1] с.
d Формат 22 см
225 Серия 2_
a Серия Мысли о Родине
300 Общие примечания __
a Общие примечания Содержит ссылки по QR-кодам на дополнительные материалы
330 Аннотация __
a Аннотация Давно отгремела ядерная война, давно изобрели медицинское воскрешение, и на Земле, населенной сотней миллиардов воскрешённых людей, официально объявили последние времена. Развалины бывших городов украшены портретами святой свиньи Гертруды, которой в далеком 2020 году Илон Маск впервые вживил чип. Сейчас уже все человечество прочипировано — впрочем, слово "человек" запрещено Демократией, как и слово "Бог". Миллиардами человекоподобных правит "Искусственное Я". Так проходят последние дни в ожидании конца света. Молодой ученый Альфа Омега и его ассистентка ищут способ спасти человечество, но осознают, что сделать это можно только бросив вызов всесильному ИЯ. Маргарита Симоньян написала роман о том, как реально произойдет Апокалипсис — в строгом соответствии с библейскими пророчествами.
333 Примечание о целевом назначении __
a Примечание о целевом назначении 16+. Для детей старше 16 лет
517 Другие варианты заглавия 1_
a Другие варианты заглавия В начале было Слово - в конце будет Цифра
606 Тематические рубрики __
a Основная рубрика Художественная литература
2 Код системы nlr_sh
606 Тематические рубрики __
a Основная рубрика Современная русская литература (произведения)
2 Код системы nlr_sh
610 Ключевые слова 0_
a Ключевые слова русская литература
610 Ключевые слова 0_
a Ключевые слова современная проза
610 Ключевые слова 0_
a Ключевые слова романы
610 Ключевые слова 0_
a Ключевые слова антиутопии
610 Ключевые слова 0_
a Ключевые слова тема будущего
610 Ключевые слова 0_
a Ключевые слова будущее
610 Ключевые слова 0_
a Ключевые слова тема апокалипсиса
610 Ключевые слова 0_
a Ключевые слова апокалипсис
610 Ключевые слова 0_
a Ключевые слова тема веры
610 Ключевые слова 0_
a Ключевые слова вера
686 Индексы других классификаций __
2 Код системы rubbks
a Классификационный индекс 84(2=411.2)6-445; ст84(2=411.2)6-445
700 Автор _1
a Фамилия Симоньян
b Имя М. С.
f Даты 1980-
g Полное личное имя Маргарита Симоновна
4 Код отношения 070
801 Источник записи _0
a Страна RU
b Организация Муниципальное бюджетное учреждение культуры "Централизованная библиотечная система" г. Сургут (Центральная городская библиотека им. А. С. Пушкина)
c Дата составления 20260417
g Правила каталогизации PSBO
801 Источник записи _1
a Страна RU
b Организация Муниципальное бюджетное учреждение культуры "Централизованная библиотечная система" г. Сургут (Центральная городская библиотека им. А. С. Пушкина)
c Дата составления 20260417
g Правила каталогизации PSBO
852 Данные о местонахождении __
j Шифр хранения 84(2=411.2)6-445
i Авторский знак С 37
901 Тип документа __
t Тип документа m
a Ответственный КиК/Обаева
901 Тип документа __
a Ответственный 4 партия
903 Характеристики (МАРС) __
a Дата передачи 20260417
c Наименование библиотеки (МАРС) Муниципальное бюджетное учреждение культуры "Централизованная библиотечная система" г. Сургут (Центральная городская библиотека им. А. С. Пушкина)
996 Контроль за деятельностью лиц, находящихся под иностранным влиянием __
b Текстовое указание Содержит информацию о наркотических или психотропных веществах, употребление которых опасно для здоровья. Их незаконный оборот влечет уголовную ответственность